|
|
|
|
| LEADER |
00000nab a2200000 a 4500 |
| 001 |
vtls000463537 |
| 003 |
SK-MaSNL |
| 005 |
20260318122044.0 |
| 008 |
180116c1991 xo 0 hun |
| 015 |
|
|
|a SNBRB19rr/mm-uuuuu
|
| 035 |
|
|
|a CL0463670
|
| 040 |
|
|
|a SNKBUCL
|b slo
|c SNKBUCL
|e AACR2
|
| 041 |
0 |
|
|a hun
|
| 044 |
|
|
|a xo
|c SK
|
| 080 |
|
|
|a 327(043.7:439)
|2 1981
|
| 080 |
|
|
|a 327(439:437)
|2 1981
|
| 080 |
|
|
|a 627.8(437.6)
|2 1981
|
| 100 |
1 |
|
|a Mádl, Ferenc,
|d 1931-2011
|4 aut
|9 241955
|
| 245 |
1 |
0 |
|a "Bös-Nagymaros" nélkül Európába
|b Mádl Ferencnek a vízlépcsővel kapcsolatos Legutóbbi Budapesti tárgyalásokon résztvett magyar kormányküldöttség vezetöjének nyilatkozata
|c Ferenc Mádl ; Gábor Méry
|
| 300 |
|
|
|b Fot. 1.
|
| 650 |
0 |
7 |
|a zahraničná politika
|2 snkbucl
|9 971
|
| 650 |
0 |
7 |
|a vláda Maďarska
|2 snkbucl
|9 972711
|
| 651 |
|
7 |
|a Gabčíkovo (Slovensko : vodné dielo)
|2 SNKPHgeo
|9 131675
|
| 651 |
|
7 |
|a Československo
|2 SNKPHgeo
|9 21376
|
| 651 |
|
7 |
|a Maďarsko
|2 SNKPHgeo
|9 16754
|
| 655 |
|
7 |
|a články z novín a časopisov
|2 snkbucl
|9 267496
|
| 700 |
1 |
|
|a Méry, Gábor,
|d 1967-
|4 gup
|9 99831
|
| 773 |
0 |
|
|t Új szó
|g Roč. 44, č. 136 (12. 6. 1991), s. 8
|
| 850 |
|
|
|a Slovenská národná knižnica v Martine
|a MTA001
|
| 852 |
|
|
|a SNK
|b KIS3GCP
|
| 958 |
|
|
|a RK
|
| 958 |
|
|
|a HU
|
| 992 |
|
|
|a RBX
|
| 999 |
|
|
|c 3263124
|d 3265054
|